| 000 | 00924nam a2200325 a 4500 | ||
|---|---|---|---|
| 003 | AR-BaBNM | ||
| 005 | 20251128205805.0 | ||
| 008 | 082120s2002 ||||||||||||||000 | spa|| | ||
| 020 | _a950-002-031-9 | ||
| 040 | _cAR-BaBNM | ||
| 100 | 1 | _aFerrer, Aldo | |
| 245 | 0 | 0 |
_aLa posguerra _bprograma para la reconstrucción y el desarrollo económico de la Argentina |
| 260 |
_aBuenos Aires _bEl Cid _bFundación para la Democracia en Argentina _c1982 |
||
| 300 | _a140 p. | ||
| 490 | 0 | _aEstudios interdisciplinarios | |
| 650 | 4 | _aSIGLO VEINTE | |
| 650 | 4 | _aIDEOLOGIAS POLITICAS | |
| 650 | 4 | _aPOLITICA SOCIAL | |
| 650 | 4 | _aPOLITICA | |
| 650 | 4 | _aFINANZAS | |
| 650 | 4 | _aDEUDA PUBLICA | |
| 650 | 4 | _aPOLITICA ECONOMICA | |
| 650 | 4 | _aPOLITICA INTERNA | |
| 650 | 4 | _aCRISIS POLITICAS | |
| 651 | 4 | _aArgentina | |
| 653 | _aPOSTGUERRA | ||
| 800 | 1 |
_aVarela-Cid, Eduardo _edirector |
|
| 942 | _cBK | ||
| 998 | _cMariana | ||
| 999 |
_c12818 _d12818 |
||